000 00612nam a2200193 a 4500
001 000042878
005 20201002040452.0
008 140211s2003 sp 000 0 spa d
020 _a8474329994X
040 _aDO-SdBNP
_bspa
_cBNPHU
082 _axxxxx
_bxxxxx
100 1 _aR. Pastoriza, Francisco
_970303
245 1 0 _aCultura y Televisión :
_buna relación de conflicto /
_cFrancisco R. Pastoriza.
260 _aBarcelona, :
_bGedisa,
_c2003.
300 _a205 p. ;
_c20 cm.
490 1 _aEstudios de televisión
_v19
504 _aBibliografías : p. 201-205
830 0 _aEstudios de televisión
_n19
_970304
999 _c42367
_d42367